| 000 | 00473nam a2200181Ia 4500 | ||
|---|---|---|---|
| 001 | 7966 | ||
| 005 | 20260306160534.0 | ||
| 008 | 260306t2018||||xx |||||||||||||| ||spa|| | ||
| 041 | _aESP | ||
| 082 |
_a364.24 _bI23 |
||
| 100 |
_aIbáñez Peinado, José _eAUT |
||
| 245 | 0 |
_aPsicología criminal aplicada: _baspectos procesales, periciales y forenses |
|
| 260 | _c2018 | ||
| 300 |
_a693 páginas : _c24 cm. |
||
| 650 | _aGEN | ||
| 654 | _aCPS | ||
| 942 |
_cLIB _dJUS _fJUS _2ddc _n |
||
| 999 |
_c7966 _d7966 |
||